00569nam a2200193Ia 4500003000400000005001700004008004100021040000700062041000800069082001600077100002400093245004000117260002000157300000900177650002200186942001300208999001900221952013500240OSt20251031113109.0250729s2005 xx 000 0 und d cAL aeng a311.22 KAUM aKaul Lokesh9223650 aMethodology of educational research aNew Delhic2005 a543p aEducation9223651 2ddccBED c236014d236014 00104070aALbALd2025-07-29eSchool Book Companyg165.00l0o311.22 KAUMpBED01333r2025-07-29 16:54:31v165.00w2025-07-29yBK